000 00527nam a22002177a 4500
003 UA-OsUOA
001 39474
007 ta
008 20060619b un ||||| |||| 00| 0 ukr d
100 _aСолодкий С.
090 _a32
_bС11
942 _cSA
040 _aUA-OsUOA
_bukr
_cUA-OsUOA
_dUA-OsUOA
245 _aІсторія не повинна бути рабинею політики
300 _aС.1,3
955 _a0
041 _aukr
080 _a32
773 0 _w39472
650 7 _a32 Політика
_2UDC
999 _c325622
_d325622